| 000 | 00431nam a22001577a 4500 | ||
|---|---|---|---|
| 999 |
_c8680 _d8680 |
||
| 003 | OSt | ||
| 008 | 200702b ||||| |||| 00| 0 eng d | ||
| 020 | _a9789386700384 | ||
| 100 | _aJyoti Gupta, Mohit Sanduja, Madhuri Grover | ||
| 245 | _aPharmaceutical Inorganic Chemistry | ||
| 250 | _a4th | ||
| 260 |
_aNew Delhi _bNirali Prakashan _c2019 |
||
| 300 | _aMISC | ||
| 650 | _aPharmaceutical Inorganic Chemisty | ||
| 942 |
_2ddc _cBK _017 |
||